[Event "DEN-chT 2425 62nd"]
[Site "Denmark"]
[Date "2024.11.03"]
[Round "2.7"]
[White "Petersen, Steen Brustrup"]
[Black "Brondt, Nicolai Kvist"]
[Result "0-1"]
[WhiteElo "2128"]
[BlackElo "2223"]
[PlyCount "88"]
[EventDate "2024.11.02"]
[EventType "team-tourn"]
[EventRounds "9"]
[EventCountry "DEN"]
[SourceTitle "CB45_2024"]
[Source "ChessBase"]
[SourceDate "2024.11.06"]
[SourceVersion "1"]
[SourceVersionDate "2024.11.06"]
[SourceQuality "1"]
[WhiteTeam "Bronshoj"]
[BlackTeam "Skanderborg Nordea"]
[WhiteTeamCountry "DEN"]
[BlackTeamCountry "DEN"]

1. e4 c5 2. Nc3 e6 3. g3 Nc6 4. Bg2 g6 5. d3 Bg7 6. Be3 d6 7. Qd2 Rb8 8. Nge2 Nd4 9. 0-0 b5 10. a3 a5 11. Nc1 Ne7 12. Nd1 0-0 13. c3 Ndc6 14. d4 cxd4 15. cxd4 b4 16. axb4 Rxb4 17. Nc3 Nxd4 18. Ra3 Nec6 19. Rd1 Ba6 20. b3 Qb8 21. N3a2 Nxb3 22. Qxd6 Nxc1 23. Qxc6 Nxa2 24. Qxa6 Nc3 25. Rf1 a4 26. Bc5 Rd8 27. Bxb4 Qxb4 28. Raa1 Bd4 29. h4 h5 30. Kh2 e5 31. f4 exf4 32. gxf4 Qe7 33. Kh3 Rb8 34. Qc4 Rb4 35. Qc8+ Kg7 36. f5 Nxe4 37. fxg6 Nf2+ 38. Rxf2 Bxf2 39. Qc3+ Rd4 40. Bf3 Qxh4+ 41. Kg2 Qg3+ 42. Kf1 fxg6 43. Ra2 Qg1+ 44. Ke2 Bg3 0-1

[Event "DEN-chT 2425 62nd"]
[Site "Denmark"]
[Date "2024.11.02"]
[Round "1.7"]
[White "Brondt, Nicolai Kvist"]
[Black "Nord, Alexander"]
[Result "1/2-1/2"]
[WhiteElo "2223"]
[BlackElo "2222"]
[PlyCount "85"]
[EventDate "2024.11.02"]
[EventType "team-tourn"]
[EventRounds "9"]
[EventCountry "DEN"]
[SourceTitle "CB45_2024"]
[Source "ChessBase"]
[SourceDate "2024.11.06"]
[SourceVersion "1"]
[SourceVersionDate "2024.11.06"]
[SourceQuality "1"]
[WhiteTeam "Skanderborg Nordea"]
[BlackTeam "Koge"]
[WhiteTeamCountry "DEN"]
[BlackTeamCountry "DEN"]

1. c4 e5 2. g3 Nf6 3. Bg2 d5 4. cxd5 Nxd5 5. Nf3 Nc6 6. 0-0 Nf6 7. Nc3 h6 8. d3 Bd6 9. Nd2 0-0 10. Nde4 Bg4 11. Be3 Nd4 12. Re1 c6 13. Rb1 Nxe4 14. Nxe4 Bb4 15. Bd2 Bxd2 16. Qxd2 Qe7 17. b4 f5 18. Nc3 a6 19. h3 Bh5 20. Kh2 f4 21. Ne4 f3 22. e3 fxg2 23. exd4 exd4 24. f4 Qc7 25. Qxg2 Bf7 26. Rb2 b5 27. Qf2 a5 28. a3 axb4 29. axb4 Ra3 30. Nc5 Qd6 31. Rbe2 Rfa8 32. Qf3 Bd5 33. Qh5 Ra2 34. Kg1 Rxe2 35. Rxe2 Kh7 36. Kf2 Ra1 37. Qe5 Qg6 38. Ne4 Rd1 39. f5 Qh5 40. Qf4 Bxe4 41. Qxe4 Kg8 42. g4 Qg5 43. Qxd4 1/2-1/2

[Event "Odense-B"]
[Site "Odense"]
[Date "2024.10.12"]
[Round "3"]
[White "Brondt, Nicolai Kvist"]
[Black "Le Besq, Alexander"]
[Result "0-1"]
[WhiteElo "2240"]
[BlackElo "2229"]
[PlyCount "126"]
[EventDate "2024.10.11"]
[EventType "tourn"]
[EventRounds "5"]
[EventCountry "DEN"]
[EventCategory "1"]
[SourceTitle "CB43_2024"]
[Source "Chessbase"]
[SourceDate "2024.10.23"]
[SourceVersion "1"]
[SourceVersionDate "2024.10.23"]
[SourceQuality "1"]

1. d4 Nf6 2. c4 g6 3. Nc3 Bg7 4. Nf3 0-0 5. Bg5 d6 6. e3 Nbd7 7. Qc2 c6 8. Be2 Qc7 9. 0-0 Re8 10. Rfd1 e5 11. Rac1 Nf8 12. dxe5 dxe5 13. c5 Bf5 14. Qa4 N6d7 15. b4 Ne6 16. e4 Bg4 17. Be3 a6 18. Ng5 Bxe2 19. Nxe6 Rxe6 20. Nxe2 Ree8 21. Rd2 Nf8 22. Rcd1 Rad8 23. Qc2 Ne6 24. f3 Rxd2 25. Rxd2 Rd8 26. Qd1 Kf8 27. Rxd8+ Qxd8 28. Qxd8+ Nxd8 29. Nc1 Ke8 30. Kf2 Kd7 31. Nb3 Ne6 32. Na5 Nd8 33. Nc4 Ke6 34. Ke2 Bf8 35. Bg5 f6 36. Be3 Kd7 37. Kd3 Ne6 38. a3 Kc7 39. Nd2 Kd7 40. Nf1 Nc7 41. Nd2 Ne6 42. g4 Be7 43. Nc4 Kc7 44. Ke2 Kc8 45. Kf2 Kc7 46. Kg3 Kc8 47. f4 exf4+ 48. Bxf4 Kd7 49. Kf3 Bd8 50. Bd6 Ng5+ 51. Ke3 Nf7 52. h4 b5 53. Nb2 Nxd6 54. cxd6 Kxd6 55. Nd3 Bb6+ 56. Kf4 c5 57. h5 c4 58. Ne1 Bd4 59. hxg6 hxg6 60. Nc2 Bb2 61. Kf3 Ke5 62. Ke3 Bc1+ 63. Kf3 Bg5 0-1

[Event "DEN-chT 2223 60th"]
[Site "Denmark"]
[Date "2022.11.20"]
[Round "3.3"]
[White "Lauridsen, Jesper Morch"]
[Black "Brondt, Nicolai Kvist"]
[Result "1-0"]
[WhiteElo "2221"]
[BlackElo "2248"]
[PlyCount "61"]
[EventDate "2022.10.29"]
[EventType "team-tourn"]
[EventRounds "9"]
[EventCountry "DEN"]
[SourceTitle "CBM 213 Extra"]
[Source "ChessBase"]
[SourceDate "2023.05.31"]
[SourceVersion "1"]
[SourceVersionDate "2023.05.31"]
[SourceQuality "1"]
[WhiteTeam "Copenhagen 68"]
[BlackTeam "Skanderborg Nordea"]
[WhiteTeamCountry "DEN"]
[BlackTeamCountry "DEN"]

1. e4 c5 2. Nf3 e6 3. d4 cxd4 4. Nxd4 Nc6 5. Nc3 Qc7 6. Be3 a6 7. Be2 b5 8. a3 Bb7 9. 0-0 Nf6 10. f4 Bc5 11. Qd3 Qb6 12. Rad1 d5 13. exd5 Nxd4 14. Bxd4 Nxd5 15. Nxb5 0-0 16. Bxc5 Qxc5+ 17. Nd4 a5 18. Kh1 Rab8 19. Qg3 Nf6 20. Bd3 Bd5 21. b3 Qxa3 22. f5 Qb4 23. fxe6 Bxe6 24. Rxf6 Rfd8 25. Nxe6 fxe6 26. Rxe6 Rbc8 27. Rde1 Qd4 28. Qh3 g6 29. Re7 h5 30. Qe6+ Kh8 31. Qf7 1-0

[Event "Copenhagen CC GM"]
[Site "Ballerup"]
[Date "2022.05.26"]
[Round "2"]
[White "Brondt, Nicolai Kvist"]
[Black "Stefansson, Vignir Vatnar"]
[Result "0-1"]
[WhiteElo "2241"]
[BlackElo "2496"]
[PlyCount "114"]
[EventDate "2022.05.25"]
[EventType "tourn"]
[EventRounds "9"]
[EventCountry "DEN"]
[EventCategory "7"]
[SourceTitle "CBM 208 Extra"]
[Source "ChessBase"]
[SourceDate "2022.07.31"]
[SourceVersion "1"]
[SourceVersionDate "2022.07.31"]
[SourceQuality "1"]

1. d4 Nf6 2. c4 e6 3. Nc3 c5 4. d5 d6 5. Nf3 exd5 6. cxd5 g6 7. Bf4 Bg7 8. e3 0-0 9. h3 Na6 10. Be2 Bf5 11. g4 Bc8 12. Nd2 Nc7 13. Nc4 b5 14. Nxd6 b4 15. Nce4 Nfxd5 16. Bg5 Qd7 17. Rc1 f5 18. Nxc8 Raxc8 19. Nxc5 Qf7 20. Nd3 Ne6 21. Rxc8 Rxc8 22. Bh4 f4 23. Bf3 Nb6 24. Nxf4 Nxf4 25. exf4 Re8+ 26. Kf1 Qxa2 27. Kg2 Qxb2 28. Re1 Rf8 29. Be7 Rxf4 30. Bc5 Bd4 31. Re8+ Kg7 32. Re7+ Kg8 33. Re8+ Kg7 34. Re7+ Kf6 35. Bxd4+ Qxd4 36. Qe2 Qd6 37. Rxa7 Nc4 38. Qe8 Ne5 39. Qh8+ Kg5 40. h4+ Kxh4 41. Qxh7+ Kg5 42. Ra5 Rxf3 43. Rxe5+ Qxe5 44. Kxf3 Qf4+ 45. Ke2 Qxg4+ 46. f3 Qc4+ 47. Ke3 Qc5+ 48. Kd3 Qd5+ 49. Ke3 Qe5+ 50. Kd3 b3 51. Qb7 b2 52. Kc2 Kf4 53. Kb1 g5 54. Qc6 Kg3 55. Qb7 Qc3 56. Ka2 Qc1 57. Qb8+ Kg2 0-1

[Event "Copenhagen Obro 85th Anniv"]
[Site "Copenhagen"]
[Date "2021.10.23"]
[Round "8"]
[White "Brondt, Nicolai Kvist"]
[Black "Siddharth, Jagadeesh"]
[Result "1/2-1/2"]
[WhiteElo "2217"]
[BlackElo "2336"]
[PlyCount "110"]
[EventDate "2021.10.18"]
[EventType "swiss"]
[EventRounds "9"]
[EventCountry "DEN"]
[SourceTitle "CBM 204 Extra"]
[Source "ChessBase"]
[SourceDate "2021.11.30"]
[SourceVersion "1"]
[SourceVersionDate "2021.11.30"]
[SourceQuality "1"]

1. d4 Nf6 2. c4 c5 3. d5 b5 4. Qc2 b4 5. e4 d6 6. Bd3 g6 7. Nf3 Bg7 8. 0-0 0-0 9. h3 a5 10. Nbd2 e5 11. a3 Na6 12. Re1 Nh5 13. Nf1 h6 14. Ng3 Nf4 15. Bf1 Qf6 16. Nh2 h5 17. Ne2 Bd7 18. Bd2 Bh6 19. g3 Nxe2+ 20. Rxe2 Qg7 21. Bg2 f5 22. exf5 gxf5 23. Bxh6 Qxh6 24. f4 e4 25. Nf1 h4 26. Re3 hxg3 27. Rxg3+ Kh7 28. Qf2 Rg8 29. Rxg8 Rxg8 30. Kh2 Qf6 31. Rc1 bxa3 32. bxa3 Rb8 33. Qe1 Qh6 34. Qg3 Nc7 35. Nd2 Ne8 36. Rb1 Rxb1 37. Nxb1 Nf6 38. Nc3 Qg6 39. Qg5 a4 40. Kg3 Nh5+ 41. Kf2 Ng7 42. h4 Qe8 43. Bf1 Qb8 44. Nb5 Bxb5 45. cxb5 Qe8 46. h5 Nxh5 47. Qxf5+ Kh8 48. Qe6 Qf8 49. f5 Nf6 50. b6 Qh6 51. Be2 Qf4+ 52. Kg2 Qg5+ 53. Kf2 Qf4+ 54. Kg2 Qg5+ 55. Kf2 Qf4+ 1/2-1/2

[Event "Copenhagen Obro 85th Anniv"]
[Site "Copenhagen"]
[Date "2021.10.19"]
[Round "4"]
[White "Brynell, Stellan"]
[Black "Brondt, Nicolai Kvist"]
[Result "1/2-1/2"]
[WhiteElo "2431"]
[BlackElo "2217"]
[PlyCount "70"]
[EventDate "2021.10.18"]
[EventType "swiss"]
[EventRounds "9"]
[EventCountry "DEN"]
[SourceTitle "CBM 204 Extra"]
[Source "ChessBase"]
[SourceDate "2021.11.30"]
[SourceVersion "1"]
[SourceVersionDate "2021.11.30"]
[SourceQuality "1"]

1. d4 Nf6 2. Nf3 d5 3. c4 c6 4. cxd5 cxd5 5. Nc3 Qb6 6. Bg5 Ne4 7. Bf4 e5 8. Nxe5 Qxb2 9. Nxe4 dxe4 10. f3 f6 11. Nc4 Qc3+ 12. Nd2 e3 13. Rc1 Qxd2+ 14. Qxd2 exd2+ 15. Kxd2 Bb4+ 16. Kd3 0-0 17. e4 Nc6 18. Ke3 Rd8 19. Bc4+ Kf8 20. Bd5 Bd6 21. g3 Bxf4+ 22. gxf4 Ne7 23. Bb3 Bd7 24. Rc7 Rab8 25. f5 Be8 26. Be6 g6 27. fxg6 hxg6 28. Rb1 Bf7 29. Bxf7 Kxf7 30. Rbxb7 Rxb7 31. Rxb7 a5 32. d5 f5 33. Ra7 fxe4 34. fxe4 Kf6 35. e5+ Kxe5 1/2-1/2

[Event "Copenhagen CC IM"]
[Site "Ballerup"]
[Date "2021.08.07"]
[Round "7"]
[White "Brondt, Nicolai Kvist"]
[Black "Jepson, Christian"]
[Result "0-1"]
[WhiteElo "2270"]
[BlackElo "2389"]
[PlyCount "96"]
[EventDate "2021.08.04"]
[EventType "tourn"]
[EventRounds "9"]
[EventCountry "DEN"]
[EventCategory "2"]
[SourceTitle "CBM 203 Extra"]
[Source "ChessBase"]
[SourceDate "2021.09.30"]
[SourceVersion "1"]
[SourceVersionDate "2021.09.30"]
[SourceQuality "1"]

1. d4 d6 2. Nf3 Nf6 3. c4 g6 4. g3 Bg7 5. Bg2 0-0 6. 0-0 c6 7. Nc3 Bf5 8. Ne1 e5 9. d5 cxd5 10. cxd5 a5 11. e4 Bd7 12. Nd3 Na6 13. a3 b5 14. b4 Qc7 15. Bd2 axb4 16. axb4 Rfc8 17. Qb1 h5 18. Rc1 Qd8 19. Bg5 Qf8 20. Ne2 Nh7 21. Be3 f5 22. Rxc8 Qxc8 23. Ra3 h4 24. f3 Nf6 25. Rc3 Qd8 26. Bg5 Qb6+ 27. Nf2 fxe4 28. Be3 Qb7 29. fxe4 Ng4 30. Nxg4 Bxg4 31. Nc1 Rc8 32. Qb2 Bf6 33. h3 Bd7 34. g4 Bd8 35. Nd3 Rc4 36. Kf1 Bb6 37. Bxb6 Qxb6 38. Rxc4 bxc4 39. Ne1 Bb5 40. Qc3 Qd4 41. Qxd4 exd4 42. Nf3 c3+ 43. Ke1 d3 44. e5 dxe5 45. d6 e4 46. d7 Bxd7 47. Nd4 d2+ 48. Ke2 Ba4 0-1

[Event "Copenhagen CC IM"]
[Site "Ballerup"]
[Date "2021.08.05"]
[Round "2"]
[White "Ramsdal, Jens Albert"]
[Black "Brondt, Nicolai Kvist"]
[Result "0-1"]
[WhiteElo "2253"]
[BlackElo "2270"]
[PlyCount "122"]
[EventDate "2021.08.04"]
[EventType "tourn"]
[EventRounds "9"]
[EventCountry "DEN"]
[EventCategory "2"]
[SourceTitle "CBM 203 Extra"]
[Source "ChessBase"]
[SourceDate "2021.09.30"]
[SourceVersion "1"]
[SourceVersionDate "2021.09.30"]
[SourceQuality "1"]

1. e4 c6 2. d4 d5 3. e5 Bf5 4. h4 h5 5. Bd3 Bxd3 6. Qxd3 e6 7. Bg5 Qb6 8. Nd2 Nh6 9. Ngf3 Qa6 10. c4 dxc4 11. Nxc4 Bb4+ 12. Bd2 Bxd2+ 13. Nfxd2 0-0 14. Qf3 Nf5 15. 0-0 Rd8 16. Nd6 Nxd6 17. exd6 Qb5 18. Rfe1 Nd7 19. Ne4 Qf5 20. Qb3 Rab8 21. Qa3 Nf6 22. Nxf6+ Qxf6 23. Re4 a6 24. Rae1 Rd7 25. Qg3 Rbd8 26. Rf4 Qh6 27. Qf3 f5 28. g3 Qg6 29. Qb3 Re8 30. Re5 Kh7 31. Qe3 Rxd6 32. Rfxf5 exf5 33. Rxe8 Rxd4 34. Re7 Re4 35. Rxe4 fxe4 36. Qf4 Qe6 37. b3 Qd5 38. Kh2 c5 39. g4 hxg4 40. Qxg4 Qe5+ 41. Kg2 Kh6 42. Qc8 Qd5 43. Qh8+ Kg6 44. Qe8+ Kh7 45. Kg3 Qf5 46. h5 Qf3+ 47. Kh4 Qxf2+ 48. Kg5 Qf6+ 49. Kg4 Qc6 50. Qe5 Kg8 51. Qe7 b5 52. h6 Qg6+ 53. Kh3 Qxh6+ 54. Kg4 Qg6+ 55. Kh3 c4 56. bxc4 bxc4 57. Qd8+ Kh7 58. Qd4 Qf5+ 59. Kg2 Qf3+ 60. Kg1 c3 61. Qd8 Qg3+ 0-1

[Event "Koge Weekend-A 2nd"]
[Site "Koge"]
[Date "2021.05.15"]
[Round "3"]
[White "Kistrup, Nicolai"]
[Black "Brondt, Nicolai Kvist"]
[Result "1-0"]
[WhiteElo "2220"]
[BlackElo "2270"]
[PlyCount "55"]
[EventDate "2021.05.14"]
[EventType "swiss"]
[EventRounds "5"]
[EventCountry "DEN"]
[SourceTitle "EXT 2023"]
[Source "ChessBase"]
[SourceDate "2022.10.05"]
[SourceVersion "1"]
[SourceVersionDate "2022.10.05"]
[SourceQuality "1"]

1. d4 Nf6 2. c4 c6 3. Nf3 d5 4. e3 Bf5 5. Nc3 e6 6. Nh4 Be4 7. f3 Bg6 8. Qb3 Qc7 9. Bd2 Be7 10. g3 Bh5 11. 0-0-0 Nfd7 12. Rg1 a5 13. e4 a4 14. Qc2 dxc4 15. Bxc4 a3 16. d5 axb2+ 17. Kb1 Nc5 18. Bf4 e5 19. Nf5 0-0 20. d6 Bxd6 21. Rxd6 exf4 22. gxf4 g6 23. Qf2 Ne6 24. Rxe6 Ra5 25. Qd4 Rxf5 26. exf5 fxe6 27. Bxe6+ Rf7 28. Ne4 1-0

[Event "DEN-ch"]
[Site "Svendborg"]
[Date "2020.10.17"]
[Round "9"]
[White "Brondt, Nicolai Kvist"]
[Black "Chatalbashev, Boris"]
[Result "0-1"]
[WhiteElo "2226"]
[BlackElo "2522"]
[PlyCount "60"]
[EventDate "2020.10.09"]
[EventType "tourn"]
[EventRounds "9"]
[EventCountry "DEN"]
[EventCategory "10"]
[SourceTitle "CBM 198 Extra"]
[Source "ChessBase"]
[SourceDate "2020.11.30"]
[SourceVersion "1"]
[SourceVersionDate "2020.11.30"]
[SourceQuality "1"]

1. d4 d5 2. c4 Nc6 3. Nf3 Bg4 4. Nc3 e6 5. cxd5 exd5 6. Bg5 Be7 7. Bxe7 Ngxe7 8. e3 0-0 9. Be2 Nc8 10. 0-0 Nb6 11. Na4 Nc4 12. Nc5 b6 13. Nd3 a5 14. Qc2 Ne7 15. b3 Nd6 16. Nfe5 Bxe2 17. Qxe2 f6 18. Nf3 Qd7 19. a4 Rfe8 20. Rac1 Rac8 21. Rfd1 g5 22. g3 Kg7 23. h4 h6 24. hxg5 hxg5 25. Kg2 Qg4 26. Rh1 Nef5 27. Rce1 Re7 28. Ng1 Qe4+ 29. f3 Nxe3+ 30. Kf2 Qxd4 0-1

[Event "DEN-ch"]
[Site "Svendborg"]
[Date "2020.10.15"]
[Round "7"]
[White "Brondt, Nicolai Kvist"]
[Black "Hansen, Sune Berg"]
[Result "1/2-1/2"]
[WhiteElo "2226"]
[BlackElo "2557"]
[PlyCount "81"]
[EventDate "2020.10.09"]
[EventType "tourn"]
[EventRounds "9"]
[EventCountry "DEN"]
[EventCategory "10"]
[SourceTitle "CBM 198 Extra"]
[Source "ChessBase"]
[SourceDate "2020.11.30"]
[SourceVersion "1"]
[SourceVersionDate "2020.11.30"]
[SourceQuality "1"]

1. d4 Nf6 2. c4 e6 3. Nc3 Bb4 4. e3 0-0 5. Bd3 d5 6. Nge2 c5 7. cxd5 cxd4 8. exd4 Nxd5 9. 0-0 Nc6 10. a3 Bd6 11. Nxd5 exd5 12. Bf4 Bg4 13. f3 Bh5 14. Qd2 Be7 15. Rad1 Bg6 16. Rfe1 Bf6 17. Kh1 Rc8 18. b4 Re8 19. Bb5 Re6 20. Ba4 a5 21. Bb3 axb4 22. axb4 Be7 23. b5 Na5 24. Nc1 Nxb3 25. Nxb3 Bc2 26. Nc5 Bxc5 27. Rxe6 fxe6 28. Qxc2 Bxd4 29. Qe2 e5 30. Bxe5 Qe7 31. f4 Bxe5 32. fxe5 Qe6 33. Qe3 Rc4 34. Qg5 Rc8 35. h3 h6 36. Qe3 Rc4 37. Qa7 Qxe5 38. Qxb7 d4 39. b6 Kh7 40. Qd7 Qe4 41. b7 1/2-1/2

[Event "DEN-ch"]
[Site "Svendborg"]
[Date "2020.10.14"]
[Round "6"]
[White "Andersen, Mads"]
[Black "Brondt, Nicolai Kvist"]
[Result "1-0"]
[WhiteElo "2577"]
[BlackElo "2226"]
[PlyCount "83"]
[EventDate "2020.10.09"]
[EventType "tourn"]
[EventRounds "9"]
[EventCountry "DEN"]
[EventCategory "10"]
[SourceTitle "CBM 198 Extra"]
[Source "ChessBase"]
[SourceDate "2020.11.30"]
[SourceVersion "1"]
[SourceVersionDate "2020.11.30"]
[SourceQuality "1"]

1. d4 Nf6 2. c4 c6 3. Nf3 d5 4. e3 Bf5 5. Nc3 e6 6. Nh4 Be4 7. f3 Bg6 8. Qb3 Qc7 9. Bd2 Be7 10. Nxg6 hxg6 11. 0-0-0 a6 12. c5 Nbd7 13. Na4 Rb8 14. Kb1 Rxh2 15. Ba5 Qg3 16. Be1 Qc7 17. Rg1 Rh8 18. g4 Rd8 19. Bg3 Qc8 20. Bd3 g5 21. Rh1 Rh6 22. Qc2 Bf8 23. Rh2 Qa8 24. Rdh1 Qa7 25. Qc3 Rc8 26. Qa5 Ng8 27. f4 Be7 28. Rh5 Bd8 29. Qe1 e5 30. fxg5 Rxh5 31. Rxh5 e4 32. Rh8 Kf8 33. Qh1 Bxg5 34. Qh7 Ndf6 35. Bd6+ Ke8 36. Rxg8+ Nxg8 37. Qxg8+ Kd7 38. Qxf7+ Kd8 39. Qf8+ Kd7 40. Qf5+ Kd8 41. Qxg5+ Kd7 42. Qe7# 1-0

[Event "DEN-ch"]
[Site "Svendborg"]
[Date "2020.10.13"]
[Round "5"]
[White "Brondt, Nicolai Kvist"]
[Black "Thybo, Jesper Sondergaard"]
[Result "1-0"]
[WhiteElo "2226"]
[BlackElo "2573"]
[PlyCount "85"]
[EventDate "2020.10.09"]
[EventType "tourn"]
[EventRounds "9"]
[EventCountry "DEN"]
[EventCategory "10"]
[SourceTitle "CBM 198 Extra"]
[Source "ChessBase"]
[SourceDate "2020.11.30"]
[SourceVersion "1"]
[SourceVersionDate "2020.11.30"]
[SourceQuality "1"]

1. d4 g6 2. c4 Bg7 3. Nf3 d6 4. Nc3 Nd7 5. e4 e5 6. Be2 Ne7 7. 0-0 0-0 8. Re1 h6 9. Bf1 f5 10. dxe5 dxe5 11. b3 b6 12. Bb2 Bb7 13. Qe2 c5 14. Nd5 Nc6 15. Rad1 Rf7 16. Rd2 Rc8 17. Red1 Qe8 18. Nh4 f4 19. Qg4 Nd4 20. Qxg6 Rc6 21. Qh5 Nf6 22. Nxf6+ Rcxf6 23. Bd3 Qc6 24. Bxd4 exd4 25. e5 Re6 26. Re1 Rfe7 27. Rde2 Qe8 28. Qf5 Bh8 29. Qg4+ Rg7 30. Qxf4 Qh5 31. Qf5 Qe8 32. Qh3 Ree7 33. f4 Qh5 34. Be4 Bxe4 35. Rxe4 d3 36. Qxd3 Qxh4 37. f5 Qg5 38. Qf3 Ref7 39. Rf4 Kh7 40. e6 Rf8 41. f6 Rg6 42. e7 Rfxf6 43. Rxf6 1-0

[Event "DEN-ch"]
[Site "Svendborg"]
[Date "2020.10.12"]
[Round "4"]
[White "Ochsner, Bjorn Moller"]
[Black "Brondt, Nicolai Kvist"]
[Result "1-0"]
[WhiteElo "2482"]
[BlackElo "2226"]
[PlyCount "125"]
[EventDate "2020.10.09"]
[EventType "tourn"]
[EventRounds "9"]
[EventCountry "DEN"]
[EventCategory "10"]
[SourceTitle "CBM 198 Extra"]
[Source "ChessBase"]
[SourceDate "2020.11.30"]
[SourceVersion "1"]
[SourceVersionDate "2020.11.30"]
[SourceQuality "1"]

1. e4 c6 2. d4 d5 3. e5 Bf5 4. h4 h5 5. Bd3 Bxd3 6. Qxd3 e6 7. Bg5 Be7 8. Nf3 Nh6 9. Nbd2 Nf5 10. c3 Nd7 11. Qe2 c5 12. dxc5 Nxc5 13. Bxe7 Qxe7 14. g3 g6 15. Nd4 Nxd4 16. cxd4 Na6 17. a3 Rc8 18. Nf3 Nb8 19. 0-0 Nc6 20. Rad1 Qc7 21. Qe3 Ne7 22. Rc1 Qd7 23. Rxc8+ Qxc8 24. Rc1 Qd7 25. Qg5 Nf5 26. Rc3 0-0 27. g4 hxg4 28. Qxg4 Rc8 29. h5 Rxc3 30. bxc3 Kg7 31. Qg5 Qe7 32. h6+ Kh7 33. Qxe7 Nxe7 34. Ng5+ Kxh6 35. Nxf7+ Kh5 36. Nd8 Kg4 37. Kf1 b6 38. Nxe6 g5 39. Ke2 Kf5 40. Nc7 g4 41. Ke3 Kg5 42. a4 Kf5 43. Nb5 Nc6 44. Nd6+ Kg5 45. Ne8 Kf5 46. Nf6 Ne7 47. Kd3 a6 48. c4 dxc4+ 49. Kxc4 Ng6 50. Nd7 Nf4 51. Nxb6 Nh3 52. Nd5 Nxf2 53. Ne3+ Ke6 54. Kc5 g3 55. Kc6 Ng4 56. Nxg4 g2 57. d5+ Kf7 58. e6+ Ke7 59. d6+ Kxe6 60. d7 g1Q 61. d8Q Qc1+ 62. Kb7 Qb2+ 63. Qb6+ 1-0

[Event "DEN-chT1 1617 Gr1"]
[Site "Denmark"]
[Date "2016.12.11"]
[Round "3"]
[White "Nielsen, Jan Mose"]
[Black "Brondt, Nicolai Kvist"]
[Result "0-1"]
[WhiteElo "2074"]
[BlackElo "2132"]
[PlyCount "66"]
[EventDate "2016.11.06"]
[EventType "team-tourn"]
[EventRounds "7"]
[EventCountry "DEN"]
[SourceTitle "EXT 2025"]
[Source "ChessBase"]
[SourceDate "2024.10.14"]
[SourceVersion "1"]
[SourceVersionDate "2024.10.14"]
[SourceQuality "1"]
[WhiteTeam "Tastrup"]
[BlackTeam "BMS"]
[WhiteTeamCountry "DEN"]
[BlackTeamCountry "DEN"]

1. e4 c5 2. Nc3 e6 3. Nf3 a6 4. a4 Qc7 5. Bc4 d6 6. 0-0 Nf6 7. Re1 Nc6 8. d3 Be7 9. Bf4 Ne5 10. Nxe5 dxe5 11. Bd2 0-0 12. Re3 Bd7 13. Rh3 Rfd8 14. g4 Be8 15. Bg5 h6 16. Be3 Nh7 17. Qc1 Bg5 18. Bxg5 hxg5 19. Qe3 b5 20. axb5 axb5 21. Rxa8 Rxa8 22. Bxb5 Bxb5 23. Nxb5 Qb6 24. c4 Ra1+ 25. Kg2 Qa5 26. Nd6 Nf6 27. Nb7 Qb4 28. Nxc5 Qxb2 29. Qxg5 Qb1 30. Re3 Qh1+ 31. Kh3 Qf1+ 32. Kg3 Qg1+ 33. Kh3 Qxf2 0-1